logo

Bir Sreshtho Munshi Abdur Rouf Library
Jhenaidah Cadet College

সংস্কৃতি / (Record no. 3793)

MARC details
000 -LEADER
fixed length control field 00629nam a2200229 a 4500
001 - CONTROL NUMBER
JCCL Control Number 3793
003 - CONTROL NUMBER IDENTIFIER
JCCL marc code BD-JhCC
005 - DATE AND TIME OF LATEST TRANSACTION
control field 20171119093739.0
008 - FIXED-LENGTH DATA ELEMENTS--GENERAL INFORMATION
fixed length control field 171118s19922015bg |||| ||a| 000 0 ben d
020 ## - INTERNATIONAL STANDARD BOOK NUMBER
International Standard Book Number 9789840417407
035 ## - SYSTEM CONTROL NUMBER
system control number (BD-JhCC)3793
040 ## - CATALOGING SOURCE
Original cataloging agency BD-JhCC
Modifying agency BD-JhCC
041 ## - LANGUAGE CODE
Language code of Book ben
082 ## - DEWEY DECIMAL CLASSIFICATION NUMBER
Classification number 891.443
Author mark and Year SHA 2015
100 ## - MAIN ENTRY--PERSONAL NAME
Personal name শরীফ, আহমদ
245 ## - TITLE STATEMENT
Title সংস্কৃতি /
Statement of responsibility, etc আহমদ শরীফ
260 ## - PUBLICATION, DISTRIBUTION, ETC. (IMPRINT)
Place of publication, distribution, etc ঢাকা :
Name of publisher, distributor, etc আগামী প্রকাশনী,
Date of publication, distribution, etc 2015
300 ## - PHYSICAL DESCRIPTION
Pagination 78 p. :
Dimensions 20 cm.
650 ## - SUBJECT ADDED ENTRY--TOPICAL TERM
Topical term or geographic name as entry element Collection of Essays
942 ## - ADDED ENTRY ELEMENTS (KOHA)
Source of classification or shelving scheme Dewey Decimal Classification
Koha item type Books
Holdings
Source of classification or shelving scheme Damaged status Not for loan Home library Current library Shelving location Date of accession Source of acquisition Cost, normal purchase price Total Checkouts Full call number Barcode Date last seen Date checked out Copy number Koha item type
Dewey Decimal Classification     JCC Rouf Library JCC Rouf Library General Stacks 11/18/2017 Abu Daud Khan, 25 Intake 150.00 1 891.443 SHA 2015 5581 05/30/2024 05/26/2024 C-1 Books

JCC Library | Contacts | JCC Home

Last Update on 23 September 2017
Copyright @ 2017-2020 JCC Rouf Library
Rouf Library, Jhenidah Cadet College (JCC), Bangladesh